| 000 -LEADER |
| fixed length control field |
01725cam a22004454a 4500 |
| 001 - CONTROL NUMBER |
| control field |
6385689 |
| 003 - CONTROL NUMBER IDENTIFIER |
| control field |
OSt |
| 005 - DATE AND TIME OF LATEST TRANSACTION |
| control field |
20180117085945.0 |
| 008 - FIXED-LENGTH DATA ELEMENTS--GENERAL INFORMATION |
| fixed length control field |
070122s2008 caua b 001 0 eng |
| 010 ## - LIBRARY OF CONGRESS CONTROL NUMBER |
| LC control number |
2007921464 |
| 020 ## - INTERNATIONAL STANDARD BOOK NUMBER |
| International Standard Book Number |
9780324585070 |
| 020 ## - INTERNATIONAL STANDARD BOOK NUMBER |
| International Standard Book Number |
0324585071 |
| 020 ## - INTERNATIONAL STANDARD BOOK NUMBER |
| International Standard Book Number |
0324585063 (student access kit) |
| 020 ## - INTERNATIONAL STANDARD BOOK NUMBER |
| International Standard Book Number |
9780324585063 (student access kit) |
| 020 ## - INTERNATIONAL STANDARD BOOK NUMBER |
| International Standard Book Number |
0324421621 (package) |
| 020 ## - INTERNATIONAL STANDARD BOOK NUMBER |
| International Standard Book Number |
9780324421620 (package) |
| 035 ## - SYSTEM CONTROL NUMBER |
| System control number |
(OCoLC)ocn180191611 |
| 035 ## - SYSTEM CONTROL NUMBER |
| System control number |
(NNC)6385689 |
| 035 ## - SYSTEM CONTROL NUMBER |
| System control number |
(OCoLC)180191611 |
| 040 ## - CATALOGING SOURCE |
| Original cataloging agency |
DLC |
| Transcribing agency |
DLC |
| Modifying agency |
YDXCP |
| -- |
BAKER |
| -- |
NNC |
| 050 00 - LIBRARY OF CONGRESS CALL NUMBER |
| Classification number |
HB172 |
| Item number |
.N49 2008 |
| 100 1# - MAIN ENTRY--PERSONAL NAME |
| Personal name |
Nicholson, Walter. |
| 245 10 - TITLE STATEMENT |
| Title |
Microeconomic theory : |
| Remainder of title |
basic principles and extensions / |
| Statement of responsibility, etc. |
Walter Nicholson, Christopher Snyder. |
| 250 ## - EDITION STATEMENT |
| Edition statement |
10th ed. |
| 260 ## - PUBLICATION, DISTRIBUTION, ETC. |
| Place of publication, distribution, etc. |
Belmont, CA : |
| Name of publisher, distributor, etc. |
Thomson Business and Economics, |
| Date of publication, distribution, etc. |
c2008. |
| 300 ## - PHYSICAL DESCRIPTION |
| Extent |
xxii, 740 p. : |
| Other physical details |
ill. ; |
| Dimensions |
26 cm. + 1 student access kit. |
| 504 ## - BIBLIOGRAPHY, ETC. NOTE |
| Bibliography, etc. note |
Includes bibliographical references and index. |
| 650 #0 - SUBJECT ADDED ENTRY--TOPICAL TERM |
| Topical term or geographic name entry element |
Microeconomics. |
| 700 1# - ADDED ENTRY--PERSONAL NAME |
| Personal name |
Snyder, Christopher |
| Fuller form of name |
(Christopher Mark) |
| 856 41 - ELECTRONIC LOCATION AND ACCESS |
| Materials specified |
Table of contents |
| Uniform Resource Identifier |
<a href="http://www.loc.gov/catdir/toc/fy0802/2007921464.html">http://www.loc.gov/catdir/toc/fy0802/2007921464.html</a> |
| 942 ## - ADDED ENTRY ELEMENTS (KOHA) |
| Source of classification or shelving scheme |
|
| Koha item type |
Book |
| 948 1# - LOCAL PROCESSING INFORMATION (OCLC); SERIES PART DESIGNATOR (RLIN) |
| Series part designator, SPT (RLIN) |
20080207 |
| b (OCLC) |
c |
| c (OCLC) |
rad1 |
| d (OCLC) |
MPS |
| 948 2# - LOCAL PROCESSING INFORMATION (OCLC); SERIES PART DESIGNATOR (RLIN) |
| Series part designator, SPT (RLIN) |
20080207 |
| b (OCLC) |
a |
| c (OCLC) |
rad1 |
| d (OCLC) |
MPS |
| 948 2# - LOCAL PROCESSING INFORMATION (OCLC); SERIES PART DESIGNATOR (RLIN) |
| Series part designator, SPT (RLIN) |
20080207 |
| b (OCLC) |
a |
| c (OCLC) |
rad1 |
| d (OCLC) |
MPS |
| 948 2# - LOCAL PROCESSING INFORMATION (OCLC); SERIES PART DESIGNATOR (RLIN) |
| Series part designator, SPT (RLIN) |
20100930 |
| b (OCLC) |
a |
| c (OCLC) |
rad1 |
| d (OCLC) |
MPS |
| 948 2# - LOCAL PROCESSING INFORMATION (OCLC); SERIES PART DESIGNATOR (RLIN) |
| Series part designator, SPT (RLIN) |
20100930 |
| b (OCLC) |
a |
| c (OCLC) |
rad1 |
| d (OCLC) |
MPS |